Groundwater geophysics : (Record no. 11175)
[ view plain ]
| 000 -LEADER | |
|---|---|
| fixed length control field | 00780cam a22002295a 4500 |
| 001 - CONTROL NUMBER | |
| control field | 15434648 |
| 005 - DATE AND TIME OF LATEST TRANSACTION | |
| control field | 20090303095720.0 |
| 008 - FIXED-LENGTH DATA ELEMENTS--GENERAL INFORMATION | |
| fixed length control field | 080902s2008 nyu 000 0 eng |
| 010 ## - LIBRARY OF CONGRESS CONTROL NUMBER | |
| LC control number | 2008936482 |
| 020 ## - INTERNATIONAL STANDARD BOOK NUMBER | |
| International Standard Book Number | 9783540884040 (hardcover) |
| 040 ## - CATALOGING SOURCE | |
| Original cataloging agency | DLC |
| Transcribing agency | DLC |
| 082 ## - DEWEY DECIMAL CLASSIFICATION NUMBER | |
| Edition number | 20 |
| Classification number | 624.151 |
| Item number | GRO |
| 245 00 - TITLE STATEMENT | |
| Title | Groundwater geophysics : |
| Remainder of title | a tool for hydrogeology / |
| Statement of responsibility, etc | [edited by] Reinhard Kirsch. |
| 250 ## - EDITION STATEMENT | |
| Edition statement | 2nd ed. |
| 260 ## - PUBLICATION, DISTRIBUTION, ETC. (IMPRINT) | |
| Place of publication, distribution, etc | New York : |
| Name of publisher, distributor, etc | Springer, |
| Date of publication, distribution, etc | 2008. |
| 263 ## - PROJECTED PUBLICATION DATE | |
| Projected publication date | 0809 |
| 300 ## - PHYSICAL DESCRIPTION | |
| Extent | 548 p: |
| Other physical details | ill; |
| Dimensions | 22cm. |
| 500 ## - GENERAL NOTE | |
| General note | Includes Index. |
| 942 ## - ADDED ENTRY ELEMENTS (KOHA) | |
| Source of classification or shelving scheme | Dewey Decimal Classification |
| Item type | Book - Borrowing |
| Withdrawn status | Item status | Source of classification or shelving scheme | Damaged status | Not for loan | Vendor | Home library | Current library | Shelving location | Date acquired | Source of acquisition | Cost, normal purchase price | Serial Enumeration / chronology | Total Checkouts | Full call number | Barcode | Date last seen | Koha item type |
|---|---|---|---|---|---|---|---|---|---|---|---|---|---|---|---|---|---|
| Dewey Decimal Classification | Baccah | Central Library | Central Library | First floor | 05/04/2009 | 1040.00 | 7117 | 624.151 GRO | 000015621 | 15/07/2025 | Book - Borrowing |